[Event "Dortmund 46th"]
[Site "Dortmund"]
[Date "2018.07.17"]
[Round "3"]
[White "Nepomniachtchi, Ian"]
[Black "Nisipeanu, Liviu Dieter"]
[Result "1-0"]
[WhiteElo "2757"]
[BlackElo "2672"]
[Annotator "Krasenkow,M"]
[PlyCount "99"]
[EventDate "2018.07.14"]
[EventType "tourn"]
[EventRounds "7"]
[EventCountry "GER"]
[EventCategory "19"]
[SourceTitle "CBM 186"]
[Source "ChessBase"]
[SourceDate "2018.09.14"]
[SourceVersion "1"]
[SourceVersionDate "2018.09.14"]
[SourceQuality "1"]

1. c4 e6 2. Nc3 d5 3. d4 Nf6 4. cxd5 exd5 5. Bg5 c6 6. Qc2 Be7 7. e3 Nbd7 8.
Bd3 h6 9. Bh4 Nh5 10. Bxe7 Qxe7 11. O-O-O Nb6 12. Nf3 {This simple move has
recently gained popularity. White doesn't fear ...Bc8-g4.} (12. h3) ({and} 12.
Kb1 {are more common continuations.}) 12... Nf6 (12... Bg4 {was played in the
following well-known game. Black got a decent position but, surprisingly,
didn't find followers:} 13. Kb1 Nf6 14. Rc1 Nfd7 ({Black doesn't dare to take
on f3:} 14... Bxf3 15. gxf3 O-O-O 16. Rhg1 {, and the g-file becomes an
important factor although practical tests are required here}) 15. Ka1 O-O-O 16.
Nd2 Kb8 17. Na4 Nxa4 18. Qxa4 Qh4 19. Rcf1 Qf6 20. Qc2 Rc8 21. Nb3 Rc7 22. Rc1
Rhc8 23. h3 Be6 $11 {[%cal Yc6c5] 1/2 (64) Aronian,L (2777)-Carlsen,M (2865)
Baden-Baden 2015 CBM 165 [CB]}) (12... Be6 13. Kb1 O-O-O 14. Ne5 Kb8 15. Na4
Nd7 16. Nxd7+ Bxd7 17. Ka1 Bc8 18. Rb1 Nf6 19. b4 $36 {1-0 (42) Urkedal,F 
(2537)-Sylvan,J (2330) Lund SWE 2018}) 13. Kb1 Be6 14. Ka1 {[%cal Yd1b1,Yb2b4]
[%mdl 32]} (14. Nd2 O-O-O 15. Nb3 Kb8 16. Nc5 Nfd7 17. b4 Nc4 18. Bxc4 dxc4 19.
Ka1 f5 $13 {1/2 (25) Werle,J (2526)-Stern,R (2522) Germany 2018}) (14. h3 {
(unnecessary here) leads to a well-known position from the 12.h3 line.}) 14...
O-O-O 15. Na4 (15. Rb1 $5) 15... Kb8 {Black unnecessarily allows White's
knight to c5.} (15... Nxa4 $5 16. Qxa4 Kb8) 16. Rc1 (16. Nc5 $1) 16... Rhe8 (
16... Nxa4 $1 17. Qxa4 Ne4 {[%cal Ye6f5] , and Black is not worse.}) 17. Nc5
Bc8 18. b4 Ne4 19. a4 Nd6 20. Nd2 Qf6 (20... Qh4 $5 {was probably more
energetic.} 21. g3 Qf6 {is now favourable for Black.}) 21. Rhf1 Bf5 $6 {
Generally speaking, the exchange of bishops is favourable for Black in this
system. Here, however, White destroys Black's queenside and obtains an
advantage.} (21... Nd7 $5 22. a5 a6) 22. Bxf5 Qxf5 23. Qxf5 Nxf5 24. a5 Nd7 $6
(24... Na8 $142 $1 {although after} 25. a6 b6 26. Nd3 {White keeps pressure.})
25. a6 $1 Nxc5 (25... b6 $2 26. Nxd7+ Rxd7 27. Rxc6) 26. bxc5 Kc7 27. axb7 Rb8
28. Kb2 Rxb7+ 29. Kc3 $16 {[%csl Ra7,Rc6] Black's queenside pawns (a7 and c6)
are now weak. GM Ian Nepomniachtchi confidently converts his advantage.} Rb5
30. Ra1 Kb7 31. Ra2 Ne7 32. Rfa1 Ra8 33. Nb1 Kb8 34. Ra6 Kb7 35. R6a4 Kb8 36.
Na3 Rb7 37. Ra6 Kc7 38. Nc2 Kd7 39. Nb4 f6 40. f3 {[%cal Re3e4]} f5 {[%csl Re5]
} 41. Nd3 Ke6 42. Ne5 Rc7 43. g4 $1 {White opens up a second front on the
kingside, which Black can't protect as his pieces are tied up.} fxg4 44. fxg4
h5 45. h3 hxg4 46. hxg4 Kf6 47. Rf1+ Ke6 48. Rf7 Rg8 49. g5 Rb7 50. g6 (50. g6
Rc7 (50... Rgb8 51. Rxe7+ $5 Rxe7 52. Nxc6) 51. Kd3 $22 $18) 1-0

[Event "Berlin Mephisto 1st"]
[Site "Berlin East"]
[Date "1990.05.20"]
[Round "5"]
[White "Mohr, Stefan"]
[Black "Krogius, Nikolai V"]
[Result "0-1"]
[WhiteElo "2425"]
[BlackElo "2540"]
[Annotator "Krogius,N"]
[PlyCount "100"]
[EventDate "1990.05.16"]
[EventType "tourn"]
[EventRounds "9"]
[EventCountry "DDR"]
[EventCategory "11"]
[SourceTitle "EXT 1997"]
[Source "ChessBase"]
[SourceDate "1996.11.15"]
[SourceVersion "1"]
[SourceVersionDate "1996.11.15"]
[SourceQuality "1"]

{SCHACH 7/1990 Seite 27} 1. d4 Nf6 2. c4 e6 3. Nc3 d5 4. cxd5 exd5 5. Bg5 c6 6.
Qc2 Be7 ({Sehr interessant ist} 6... g6 {/\ Bf5. Wenn} 7. Bxf6 ({Nach} 7. Nxd5
$2 Qa5+ $1 {könnte Weiss aufgeben. Darum ist der logische Zug 6... g6 spielbar.
}) 7... Qxf6 8. Nxd5 {so} Qxd4 9. Nc7+ Kd8 10. Rd1 Bb4+) 7. e3 O-O 8. Bd3 Nbd7
9. Nf3 Re8 10. h3 Nf8 11. O-O-O a5 {Für die strategischen Pläne ist die
Stellung klar: Weiss wird am Königsflügel und Schwarz auf der anderen Seite
angreifen.} 12. Kb1 Ne4 13. Bxe4 Bxg5 14. Bd3 Be6 15. g4 Be7 16. Rdg1 a4 17. h4
a3 18. b3 Bb4 $6 {Zweifelhafter Zug!} ({Logischer} 18... b6 {mit der Idee 19...
c5}) 19. Na4 $1 {Weiss steht nun besser.} b5 ({Das Qualitätsopfer} 19... Rxa4 {
wäre verfehlt, z.B.} 20. bxa4 Qa5 21. Ng5 h6 22. Nxe6 Rxe6 23. g5 h5 24. g6 $1)
20. Nc5 Bxc5 ({Wenn} 20... Bc8 {so} 21. Ng5 h6 22. Bh7+ {und gewinnt.}) 21.
dxc5 $6 ({Besser war} 21. Qxc5 {Denn nach} Qf6 22. Rh3 $1 ({nur nicht} 22. Be2
$2 Bxg4 23. Rxg4 Qf5+) 22... Bd7 23. g5 Qe7 24. Qxe7 Rxe7 25. Rhh1 {verbleibt
bei Schwarz der schwache Bauer c6 ohne besonderes Gegenspiel.}) 21... b4 22.
Nd4 Bd7 23. g5 Qe7 24. Rg3 Ra5 25. Rc1 g6 26. h5 $6 {Zu optimistisch und
einseitig!} ({Viel stärker war} 26. Rf3 {und 27. Rf6. Erst jetzt kommt Schwarz
zu ernsthaften Gegenchancen.}) 26... Ne6 $1 27. Nxe6 Bxe6 $1 28. hxg6 fxg6 29.
Bxg6 $6 {Weiss hofft so auf einen schnellen Sieg,} Qg7 $3 {Dieser starke
Zwischenzug reisst Weiss aus seinen Illusionen. Es droht 30... Rxc5.} ({
nach etwa} 29... hxg6 $2 30. Qxg6+ Kf8 31. Rh1 $1 Qg7 32. Rf3+ Bf7 33. Rh8+
Qxh8 34. Qxf7# {Aber ...}) 30. Bd3 ({Wenn} 30. Bxe8 $2 {so} Bf5 31. e4 Bxe4 $1
{mit Gewinn.}) 30... Rxc5 31. Qd2 Rxc1+ 32. Qxc1 Rf8 ({Weniger klar} 32... c5
33. f4 c4 34. bxc4 dxc4 35. Bxc4 $1) 33. f4 Bf5 34. Bxf5 Rxf5 35. Rg2 Qg6 36.
Qc2 d4 ({Oder} 36... Qh5 37. Rd2 {Darum forciert Schwarz den Übergang in ein
Turmendspiel.}) 37. exd4 Rxf4 38. Qxg6+ hxg6 39. Re2 $2 {Erst dieser letzte
Fehler führt zu unabwendbaren Niederlage.} ({Richtig war} 39. Rc2 $1 {Denn das
mögliche Bauernendspiel nach} Rf1+ 40. Rc1 Rxc1+ 41. Kxc1 Kf7 42. Kc2 Ke6 43.
Kd3 Kf5 44. Kc4 Kxg5 45. Kc5 Kf5 46. Kxc6 g5 47. d5 {würde Remis enden. 39.
Re2 ist ein entscheidender Tempoverlust.}) 39... Kf7 $1 40. Kc2 Rxd4 41. Rf2+
Ke7 42. Re2+ Kd6 43. Rf2 Ke5 44. Rf6 Rd6 45. Rf8 Kd4 46. Rf4+ Kc5 47. Rc4+ Kb5
48. Rf4 Rd5 49. Rg4 c5 50. Rg2 Kc6 {Der König auf dem Weg nach f5.} 0-1

[Event "Dortmund SuperGM 42nd"]
[Site "Dortmund"]
[Date "2014.07.18"]
[Round "5"]
[White "Leko, Peter"]
[Black "Naiditsch, Arkadij"]
[Result "1-0"]
[WhiteElo "2737"]
[BlackElo "2705"]
[Annotator "Leko,P"]
[PlyCount "99"]
[EventDate "2014.07.12"]
[EventType "tourn"]
[EventRounds "7"]
[EventCountry "GER"]
[EventCategory "19"]
[SourceTitle "CBM 162"]
[Source "ChessBase"]
[SourceDate "2014.09.17"]
[SourceVersion "1"]
[SourceVersionDate "2014.09.17"]
[SourceQuality "1"]

{My opponent is an excellent 1.e4 player, so it felt like a good decision to
try 1.d4 and at the same time avoid a possible Berlin Wall. Which had anyway
blocked me enough in this tournament.} 1. d4 Nf6 2. c4 e6 3. Nc3 {Inviting the
Nimzo...} d5 {...no,thanks!} 4. cxd5 exd5 {In my preparation I had anticipated
3...d5, but expected Arkady to play 4...Nxd5 here.} 5. Bg5 c6 {We ended up in
some classical Queen's Gambit. I am not revealing any big secret, if I remark
that neither of us is a big expert of it! A typical situation in modern chess!}
6. Qc2 Be7 7. e3 Nbd7 8. Bd3 Nh5 {Heading for the Carlsbad structure.} ({
Last year in the same tournament Adams played} 8... h6 9. Bh4 Nh5 10. Bxe7 Qxe7
{against me. The position is full of small nuances. It is impossible to say
what is best. In some positions Black prefers the pawn to be on h6, but
sometimes it is better to have the h7-g6 structure. It is a matter of taste or
analysis?}) 9. Bxe7 Qxe7 10. Nge2 Nhf6 {This is not very standard, 10...g6 or
10...Nb6 are played much more frequently. However I had the feeling that my
opponent did not want to touch his kingside pawns till I decided where I would
put my king.} 11. O-O Nb6 12. Rae1 {I was happy to choose this plan as I felt
that this is the most ambitious.} O-O 13. Nf4 {It took me quite some time to
decide to put my knight on f4 or to continue with the standard Nc1 plan.
Finally I convinced myself that normally White plays Nc1 because usually the
black knight is on h5 and the knight can not get to f4. In any case White
tries to prepare e3-e4 by playing f2-f3.} Bd7 $1 {A far from obvious move
played after long thought. After careful calculations Black understands what
is really going on in the position.} ({The lazy and natural} 13... g6 {could
have been answered by} 14. f3 $1 {and now after} g5 {the positional pawn
sacrifice is strong with} 15. Nfe2 $1 Qxe3+ 16. Kh1 {and White gets a very
strong attack by simply playing Nd1, Qd2, Ng3, Ne3 and the weakness of the
f5-square and Black's king vulnerability will tell.}) 14. g3 $5 {This move
might look mysterious, but in fact I think it is fairly logical. White wants
to prepare f2-f3 without allowing the annoying g5-reaction.} ({I spent a lot
of time trying to make the immediate} 14. f3 {work, but in all the lines Black
seemed to be in time} g5 $1 15. Nh3 ({The same idea as before with} 15. Nfe2
Qxe3+ 16. Kh1 {is missing a crucial tempo in the variation} Rae8 17. Nd1 Qe7
18. Qd2 h6 19. Ng3 Qd6 20. Ne3 Qf4 $1 {and Black is in time!}) (15. Qf2 {
I even considered this bullet style move} gxf4 16. exf4 Qd6 17. Qh4 Kh8 18. Re5
{looks beautiful, but after} Rg8 {soberness prevails and there is no follow-up;
Qh6 can always be met by ...Ne4!}) 15... Bxh3 16. gxh3 Kh8 17. Kh1 Rae8 18. Qf2
Nh5 {is possible but maximally double-edged. I had no intention to change the
character of the game so quickly.}) ({The other move was the immediate} 14. e4
{but unless it wins material it is better to refrain from such a move.} dxe4
15. Nxe4 Rfe8 $1 {and Black has nothing to worry about.}) 14... Qd6 {Again
best. The queen belongs here in any case, but it is not yet clear how to place
the rooks.} 15. f3 {Following the plan.} Rfc8 $2 {I was surprised by this move
and believe it to be a serious inaccuracy.} ({There was no reason why Black
should have not continued more naturally with} 15... Rac8 $1 16. g4 (16. Qf2 c5
) 16... c5 $1 {A far from obvious tactic that works with the rook on f8, but
it does not with the rook on a8!} 17. Qd2 ({The difference is in the line} 17.
dxc5 Qxc5 18. g5 d4 $1 19. gxf6 g6 $1 {and here Black is doing well! While
with the rook on a8 White has the stunning Be4 here as we will see in the
other line.}) 17... g6 {with a complex fight, but about equal chances.}) ({
It is very important to mention that the standard reaction to any f2-f3 is
usually c6-c5, but here it does not work yet because of a nice piece of
tactics.} 15... c5 $2 16. dxc5 Qxc5 17. Ncxd5 $1 {and White wins a pawn!}) 16.
g4 {I really liked my position and did not want to simplify it. The computer
likes} (16. Qf2 {more, but I do not agree} c5 17. e4 (17. dxc5 Rxc5 18. e4 dxe4
19. Nxe4 Nxe4 20. Bxe4 {also did not impress me at all}) 17... dxe4 18. Nxe4
Nxe4 19. Bxe4 Rab8 {and this is very drawish.}) 16... g6 {A necessary move.
Here the tactical solution with the immediate c6-c5 actually backfires on
Black!} (16... c5 $2 17. dxc5 (17. g5 $2 {runs into a nice refutation} cxd4 $1
18. gxf6 {and now both} g6 ({and} 18... Qxf6 {are good for black})) 17... Qxc5
(17... Rxc5 18. g5 d4 19. gxf6 dxc3 20. Bxh7+ Kf8 21. fxg7+ Kxg7 22. Be4 {
is simply good for White}) 18. g5 d4 19. gxf6 g6 {and here comes the
incredible move} 20. Be4 $3 {and White wins material} dxc3 21. Bxb7) 17. a3 {
I had the feeling that I had a very good position, but over the board it was
very difficult to understand all the finesses.} ({The text move is a good
prophylactic, but it was the right moment to play} 17. h4 $1 {I wanted to play
like this as the plan h4 followed by Qh2 was screaming to be played, but the
real point comes much later} c5 18. Qh2 cxd4 19. exd4 Qb4 {was really
bothering as there is no good way to defend the d4-pawn and it falls with
check! (The reason behind my 17.a3 move) But the engines come up with an
excellent solution to the problem, just ignore it...} 20. g5 $3 Qxd4+ 21. Kh1
Ne8 (21... Nh5 {is also bad after} 22. Nce2 Qxb2 23. Nxh5 gxh5 24. Qf4 $1 {
followed by Ng3 is very strong}) 22. h5 $1 {and suddenly at a high depth the
computer already gives an almost winning advantage for White! If you do not
believe it, please check it out!}) 17... c5 18. Qd2 {Now unfortunately I had
to lose this tempo as Qh2 is not yet available. On the other hand Black has no
way to use this tempo.} {A sad decision as after this exchange it is obvious
that White will have long lasting pressure, but it was the best option. Now
Black is fully focused on exchanging as many pieces as possible to defend the
passive position.} cxd4 19. exd4 Bc6 $1 {The key idea of Black's defence.
Defending the d5-pawn by the bishop which anyway has no other prospects.} 20.
g5 {White had a couple of interesting options, it was difficult to decide
which gives the best chances.} ({I also considered} 20. h4 Re8 21. Qh2 {
now that ...Qb4 is covered} Rxe1 {Black exchanges as much as possible} 22. Rxe1
Re8 23. Rxe8+ Nxe8 {and here} 24. Nfe2 {felt like some slight pressure, but I
wanted more.}) 20... Nfd7 21. Re2 ({As it turned out after the game} 21. h4 $1
{was strong here} Re8 22. Qh2 $1 {After all!} Nf8 23. h5 {and Black can not
exchange both rooks as the d5-pawn is hanging at the end! During the game I
had missed this small but very important detail!}) 21... Re8 22. Rfe1 Rxe2 23.
Rxe2 Nf8 24. h4 Re8 25. Rxe8 Bxe8 26. Qe3 {This was my idea and that is why I
did not play Qh2 at the end. I thought that at some point Qe5 might be a
threat.} Bc6 27. Kg2 ({The hasty} 27. Qe5 $2 {runs into} Qxe5 28. dxe5 Nfd7 {
and Black is fine.}) 27... f6 {It looks like Black has solved all his problems
and a draw is very close, but in fact the position is not that simple.} 28.
gxf6 $1 {A difficult decision, but a very good idea! At the end I felt that
this paradoxical decision gives me chances!} Qxf6 29. Kg3 {At first it looks
like there is nothing here, but if White gets Nd1-f2-g4 suddenly it looks very
unpleasant. We were down to 10 minutes each and with little time it is very
difficult to defend for Black. White's play is very easy while Black has to
take a difficult decision: to try just to sit and wait or try to do something
because there is no guarantee that by just sitting Black could hold it.} Kf7 {
A natural, good move.} ({I was hoping that my opponent would get impatient
here and go for} 29... g5 {when I considered} 30. Nh5 $5 {very dangerous for
Black} (30. hxg5 Qxg5+ 31. Kf2 Qh4+ 32. Kg1 Qg5+ 33. Kf1 {is solid and good})
30... gxh4+ 31. Kf2 Qd6 32. Qg5+ Ng6 33. f4 {and this felt very bad for Black.}
) 30. Nd1 {Following the plan.} Nbd7 {Defending such position is practically
always very difficult. With an engine's help Black could have probably saved
the game by playing ...g5 now, but it is very hard to calculate such lines.} (
30... g5 $1 31. hxg5 (31. Nh5 {This idea is again interesting} gxh4+ 32. Kf2
Qd6 33. Qg5 {looks again very promising, but with a long line the computer
holds it by some miracle} Qh2+ 34. Ke1 Nbd7 35. Ne3 Ne6 36. Qh6 Qg1+ 37. Kd2
Qg5 $1 38. Qxh7+ Ke8 {and apparently Black survives}) 31... Qxg5+ 32. Kf2 Nc4 {
I had seen this line during the game and assumed that I would be able to find
something, but not against a computer!} 33. Bxc4 dxc4 34. Nc3 {looks awful,
but Black is in time to start checking} Qh4+ 35. Ke2 Qh2+ 36. Kd1 Qh1+ {
and Black holds.}) 31. Nf2 g5 $2 {And now it is too late!} ({Black could have
exchanged some more pieces with ...Ne6, but after} 31... Ne6 32. Ng4 Qxf4+ 33.
Qxf4+ Nxf4 34. Kxf4 $14 {it is very dangerous. White has total domination
despite the little material.}) ({Best was probably to try} 31... Qe7 {when
White should keep the queens} 32. Qd2 {and the torture continues, but Black
has decent chances to survive.}) 32. hxg5 Qxg5+ 33. Kh2 Qe7 {Black's play was
based on this move,but as it turns out that the last moves only helped White.}
34. Ng4 $1 {Now I do not mind the exchange of queens!} Qxe3 35. Nxe3 {I think
Black is lost here as there is no defence against the White's king marching to
g5 when Black will end up losing a pawn sooner or later.} Nf6 36. Kg3 {The
king starts the march.} N8d7 37. Kh4 {Black has no defence. If Black tries h6
than Nf5 wins the h6-pawn right away.} Nb6 {Desperation in time trouble. Black
wants to get the knight via c8 to e7 or d6, but it is just not in time.} 38.
Kg5 Nc8 39. Ng4 $1 {Now it is over as Black loses the h7-pawn by force.} Nxg4
40. fxg4 Nd6 41. Bxh7 {The rest does not need any commentary.} Nb5 42. Ne2 Kg7
43. Bd3 Nd6 44. Kf4 Bd7 45. Nc3 Bc6 46. Nd1 Nf7 47. Ne3 Nd8 (47... Kf6 48. g5+
$1) 48. Bf5 Nf7 49. Be6 Nd6 50. Ke5 1-0

[Event "USA-ch"]
[Site "Saint Louis"]
[Date "2012.05.15"]
[Round "7"]
[White "Ramirez Alvarez, Alejandro"]
[Black "Kaidanov, Gregory S"]
[Result "1-0"]
[WhiteElo "2593"]
[BlackElo "2594"]
[Annotator "Let's Check"]
[PlyCount "127"]
[EventDate "2012.05.08"]
[EventType "tourn"]
[EventRounds "11"]
[EventCountry "USA"]
[EventCategory "16"]
[SourceTitle "CBM 149"]
[Source "ChessBase"]
[SourceDate "2012.07.17"]
[SourceVersion "1"]
[SourceVersionDate "2012.07.17"]
[SourceQuality "1"]

1. d4 Nf6 2. c4 e6 3. Nf3 d5 4. Nc3 c6 5. Bg5 Nbd7 6. cxd5 exd5 7. e3 Be7 8.
Bd3 Ne4 9. Bf4 Ndf6 10. h3 O-O 11. Qc2 Re8 12. O-O Bd6 13. Ne5 g6 14. Ne2 Nh5
15. Bh2 f6 16. f3 fxe5 17. fxe4 exd4 18. e5 Bxe5 19. Bxe5 Rxe5 20. Bxg6 Qg5 21.
Bxh7+ Kg7 22. Nxd4 Rxe3 23. h4 Qh6 24. Rf2 $2 (24. Rf5 Kh8 25. Rg5 $16) 24...
Ng3 $19 25. Raf1 Nxf1 26. Rxf1 Be6 $4 (26... Re7 27. Bf5 Qe3+ $19) 27. Bf5 $11
Bg8 28. Bc8 $2 (28. Bd3 Be6 29. Qc3 $11) 28... Bh7 $19 29. Nf5+ Bxf5 $2 (29...
Kh8 30. Qd2 Bxf5 $19) 30. Qxf5 $11 Kh8 31. Qd7 Rg3 32. Qxb7 $4 (32. Qe8+ Rg8
33. Qe5+ $11) 32... Rg8 $1 $19 (32... Qe3+ $2) 33. Bh3 Raf8 34. Rxf8 Rxf8 35.
Qxa7 Qc1+ 36. Kh2 Qf4+ 37. Kg1 Qxh4 38. Qe3 Qf4 39. Qe7 Qf6 40. Qc5 Qf1+ 41.
Kh2 Qf4+ 42. Kg1 Re8 43. Qf2 Qxf2+ 44. Kxf2 c5 45. Bd7 Re7 $6 (45... Re5 46. a4
c4 $19) 46. Bc6 $17 d4 47. Bb5 Kg7 48. a4 $6 (48. Kf3 Re1 49. a4 $19) 48... Kf6
$19 49. b3 Re3 $6 (49... Ke5 50. Bd3 Kd5 $19) 50. Bc4 $19 Ke5 51. a5 Ke4 $4 (
51... Rc3 52. a6 Rc2+ $19) 52. a6 $11 Rc3 $4 (52... d3 53. Bd5+ Kd4 $11) 53. a7
$18 Rc2+ 54. Be2 Ra2 55. a8=Q+ $1 Rxa8 56. Bf3+ Kd3 57. Bxa8 Kc2 58. g4 Kxb3
59. g5 c4 60. g6 d3 61. g7 d2 62. Bf3 c3 63. g8=Q+ Kb2 64. Bd1 1-0